• 首页
  • 本馆介绍
  • 公告通知
  • 最新文献
  • 馆藏检索
  • 电子资源
  • 读者导购
  • 参考咨询
  • 我的图书馆
  • 登录
  • 详细信息显示
  • 放入我的书架
  • 预约/预借图书
  • 作者相关作品
  • 分类相关作品
  • 丛书相关作品
  • 出版社相关作品

书目信息

  • 表格格式
  • 工作单格式
  • 卡片格式
题名:
历史研究
    
 
作者: 汤因比 著 ;萨默维尔 , 郭小凌 编
分册: 上  
出版信息: 上海   上海人民出版社  2010
页数: 2册(585页)
开本: 23cm
丛书名: 世纪人文系列丛书
单 册:
中图分类: K01
科图分类:
主题词: 历史哲学--li shi zhe xue--研究
电子资源:
ISBN: 978-7-208-08858-0
000 01219nam0 22003131 450
001 387908
005 20170503084122.60
010    @a978-7-208-08858-0@dCNY49.00(全2册98.00)
100    @a20100316d2010 em y0chiy50 ea
101 1  @achi@ceng
102    @aCN@b310000
105    @ay z 000yy
106    @ar
200 1  @a历史研究@9li shi yan jiu@dA study of history@h上@f(英)阿诺德·汤因比(Arnold J. Toynbee)著@g(英)D·C·萨默维尔(Dorothea Grace Somervell)编@g郭小凌[等]译@zeng
210    @a上海@c上海人民出版社@d2010
215    @a2册(585页)@d23cm
225 2  @a世纪人文系列丛书@9shi ji ren wen xi lie cong shu@i世纪文库
312    @a英文原名:A study of history
330    @a作者研究了文明为什么会死亡?希腊文明的命运是否就是现代西方文明的命运?的问题。
461  0 @12001 @a世纪人文系列丛书
500 10 @a历史研究
510 1  @aA study of history@zeng
606 0  @a历史哲学@9li shi zhe xue@x研究
690    @aK01@v4
701  0 @c(英)@a汤因比@9tang yin bi@c(Toynbee, Arnold Joseph@f1889~1975)@4著
702  0 @c(英)@a萨默维尔@9sa mo wei er@c(Somervell, Dorothea Grace)@4编
702  0 @a郭小凌@9guo xiao ling@f(1950.11~)@4译
801  0 @aCN@b百万庄@c20170308
905    @b1004688-93@dK01@e111:1@f6
    
    历史研究=A study of history.上/(英)阿诺德·汤因比(Arnold J. Toynbee)著/(英)D·C·萨默维尔(Dorothea Grace Somervell)编/郭小凌[等]译.-上海:上海人民出版社,2010
    2册(585页);23cm.-(世纪人文系列丛书.世纪文库)
    
    
    ISBN 978-7-208-08858-0:CNY49.00(全2册98.00)
    作者研究了文明为什么会死亡?希腊文明的命运是否就是现代西方文明的命运?的问题。
●
相关链接 在E读中查询图书 在五车中查询图书 在当当中查询图书 在豆瓣中查询图书


正题名:历史研究     索取号:K01/111:1         预约/预借

序号 登录号 条形码 馆藏地/架位号 状态 备注
1 1004688   210046886   第二样本阅览室/ [索取号:K01/111:1] 在馆    
2 1004689   210046895   教育系资料室/ [索取号:K01/111:1] 在馆    
3 1004690   210046902   教育系资料室/ [索取号:K01/111:1] 在馆    
4 1004691   210046911   教育系资料室/ [索取号:K01/111:1] 在馆    
5 1004692   210046920   第二借阅区/ [索取号:K01/111:1] 在馆    
6 1004693   210046939   第二借阅区/ [索取号:K01/111:1] 在馆    
唐山师范学院图书馆 欢迎您!
大连网信软件有限公司© 版权所有